Statistics for Count Down from 50

Click here to take the quiz!

General Stats

  • This quiz has been taken 28 times
  • The average score is 35 of 50

Answer Stats

Answer% Correct
50
100%
37
95%
38
95%
39
95%
40
95%
41
95%
42
95%
43
95%
44
95%
45
95%
46
95%
47
95%
48
95%
49
95%
30
89%
31
89%
32
89%
33
89%
34
89%
35
89%
36
89%
24
84%
25
84%
26
84%
27
84%
28
84%
29
84%
20
79%
21
79%
22
79%
23
79%
19
63%
18
58%
17
53%
11
47%
12
47%
13
47%
14
47%
15
47%
16
47%
10
42%
8
37%
9
37%
7
32%
6
26%
1
21%
2
21%
3
21%
4
21%
5
21%

Score Distribution

Percentile by Number Answered

Percent of People with Each Score

Your Score History

You have not taken this quiz